[Event "Turkish Super League 2019"]
[Site "Konya"]
[Date "2019.07.26"]
[Round "11"]
[White "Can, Emre"]
[Black "Gadimbayli, Abdulla"]
[Result "1-0"]
[WhiteElo "2595"]
[BlackElo "2414"]
[Annotator "TA"]
[PlyCount "137"]
[EventDate "2019.07.17"]
[EventType "team-tourn"]
[EventCountry "TUR"]
[SourceTitle "playchess.com"]
[Source "ChessBase"]
[SourceQuality "1"]

{[%evp 15,137,0,32,16,18,17,26,28,34,16,18,16,16,21,16,21,20,10,12,12,18,17,15,15,16,10,14,14,14,14,14,12,17,9,22,10,31,10,18,0,0,0,0,0,0,0,0,0,2,0,0,0,0,0,0,0,5,5,12,12,12,10,16,25,36,36,35,35,54,35,37,37,62,53,78,43,142,129,203,137,212,209,235,206,259,172,298,296,324,339,335,345,340,335,299,318,368,365,365,353,354,352,385,372,541,455,563,551,548,540,911,867,883,870,1020,1184,1610,1592,1181,556,524,524,5389,5229]} 1. Nf3 Nf6 2. d4 b6 3. g3 e6 4. c4 Bb7 5. Bg2 Be7 6. O-O ({Predecessor:} 6. Nc3 Ne4 7. Bd2 f5 8. O-O Bf6 9. Ne5 {0-1 (25) Ilyin,I (1763)-Korzh,L (2074) LSS email 2013}) 6... O-O 7. Nc3 Ne4 8. Bd2 f5 9. Ne5 {E18: Queen's Indian: Old Main Line (4 g3 Bb7 5 Bg2 Be7 6 0-0 0-0 7 Nc3)} Bf6 10. Nxe4 Bxe4 11. Bxe4 $146 {White has an edge.} (11. Bc3 Bxg2 12. Kxg2 d5 13. cxd5 Qxd5+ 14. Nf3 {½-½ (14) Berkes,F (2661)-Abasov,N (2629) Hungary 2019}) 11... fxe4 12. Qc2 d5 13. cxd5 Qxd5 14. Qxc7 Qxd4 15. Bc3 Bxe5 16. Qxe5 Qxe5 17. Bxe5 Nc6 18. Bc3 Ne7 19. Bb4 Rfe8 20. Rfc1 Nd5 21. Rc4 e3 22. fxe3 Nxe3 23. Rc6 Nd5 24. Ba3 e5 25. Rac1 Rad8 26. Kf2 Rd7 27. Rc8 Rxc8 28. Rxc8+ $11 {[%mdl 4096] Endgame KRB-KRN} Kf7 29. Kf3 Nf6 30. g4 h6 31. h3 Kg6 32. Bb4 Rd4 33. Bc3 Rf4+ 34. Kg2 Re4 35. Kf2 Nd5 36. Bd2 Nf4 37. Kf3 Ra4 38. h4 Ne6 39. a3 Nd4+ 40. Kf2 Nb3 41. Bb4 a5 42. Rc6+ Kh7 43. Bc3 Rxg4 44. Rxb6 Nc5 45. Bxe5 Re4 (45... Nd7 $14 46. Rb5 Nxe5) 46. Bg3 Rc4 (46... Re8 $16) 47. Rb5 a4 (47... Ne4+ $16 {was necessary.} 48. Kf3 Nxg3) 48. Rb4 $18 Rc2 {aiming for ...Nd3+.} 49. Kf3 Kg6 50. Bd6 Nb3 {[#]} (50... Nd7 {might work better.} 51. Rxa4 Rxb2) 51. Be5 $1 ({Don't play} 51. Rxa4 $6 Rxb2 52. Rb4 Nd2+ 53. Ke3 Ra2 $18) 51... Rc5 52. Bc3 Rf5+ 53. Ke3 Nc5 54. Bd4 Ne6 55. Rxa4 Kh5 56. Bc3 g5 57. hxg5 hxg5 58. Ra8 Rf1 59. a4 {[%cal Ba3a4,Ba4a5][%mdl 32]} Nf4 (59... g4 $142 60. Rh8+ Kg5) 60. Be5 {White is clearly winning.} Nd5+ 61. Ke4 Nb6 62. Rh8+ Kg4 63. a5 Nc4 64. b4 Rf5 65. Bd4 Nxa5 66. bxa5 Rxa5 67. Rg8 Kh3 68. Be5 g4 69. Kf5 {Accuracy: White = 74%, Black = 45%.} 1-0

[Event "Turkish Super League 2019"]
[Site "Konya"]
[Date "2019.07.26"]
[Round "11"]
[White "Rozum, Ivan"]
[Black "Quparadze, Giga"]
[Result "1-0"]
[WhiteElo "2583"]
[BlackElo "2499"]
[Annotator "TA"]
[PlyCount "115"]
[EventDate "2019.07.17"]
[EventType "team-tourn"]
[EventCountry "TUR"]
[SourceTitle "playchess.com"]
[Source "ChessBase"]
[SourceQuality "1"]

{[%evp 17,115,7,12,7,25,12,17,0,-1,-13,0,-4,29,29,35,43,39,46,42,10,47,31,42,34,70,80,100,107,107,106,94,108,90,89,147,157,157,160,141,153,155,152,125,72,71,82,72,40,43,45,45,0,0,0,33,31,45,37,57,0,37,44,52,12,46,0,47,4,4,4,8,8,8,8,8,9,10,20,35,29,44,44,316,322,29973,29974,12797,5624,29981,29982,29982,29982,29974,29975,29986,29987,29990,29987,29992,29993]} 1. Nf3 Nf6 2. g3 b6 3. Bg2 Bb7 4. O-O c5 5. c4 g6 6. b3 Bg7 7. Bb2 O-O 8. Nc3 Na6 9. d4 d5 10. e3 {A30: Symmetrical English: Double Fianchetto and Hedgehog} (10. dxc5) 10... dxc4 11. bxc4 Ne4 12. Nxe4 {The position is equal.} Bxe4 13. Qe2 $146 ({Predecessor:} 13. Qd2 e6 14. Nh4 Bxg2 15. Nxg2 Rc8 16. Rac1 {0-1 (29) Malano,F (2080)-Cantore,A (2050) Asti 1996}) 13... e6 14. Rad1 cxd4 15. exd4 Bb7 16. d5 exd5 17. Bxg7 Kxg7 18. cxd5 {[%cal Bc4d5,Bd5d6][%mdl 32]} Nc5 (18... Re8 $5 {[%cal Re8e2]} 19. Qd2 Nc5 $11) 19. Qb2+ Qf6 20. Ne5 Ba6 21. Rfe1 Rae8 22. Re3 h5 23. d6 Bc8 24. Qd4 Bg4 25. Rd2 ({Much worse is} 25. Nxg4 Qxd4 26. Rxd4 hxg4 $11) 25... Re6 (25... Bf5 $142) 26. h3 $16 ({Reject} 26. Nxg4 $6 Qxd4 27. Rxd4 hxg4 $11) 26... Bf5 27. g4 Be4 28. f4 ({Of course not} 28. Bxe4 $6 Qxe5 29. gxh5 Qxd4 $11) 28... Bxg2 29. Kxg2 {[#] g5 is the strong threat.} Kh7 30. gxh5 (30. d7 $142 Rd8 31. Qc4) 30... Rd8 {[%cal Re6d6]} 31. hxg6+ fxg6 {[%cal Re6d6]} 32. Ra3 (32. Ng4 $5 {[%cal Rg4f6]} Qxd4 33. Rxd4 $16) 32... Rdxd6 33. Rxa7+ Kg8 34. Ra8+ Kg7 35. Ra7+ Kg8 36. Qe3 Qf5 37. Ra8+ Kg7 38. Ra7+ Kg8 39. Rxd6 Rxd6 40. Ra8+ Kg7 41. Ra7+ Kg8 42. Nf3 $40 {[%mdl 128] And now Ra8+ would win. White has some attack.} Qc2+ 43. Kg3 {[%cal Re3e8]} Ne4+ 44. Kh4 {Black must now prevent Re7.} Rf6 $1 {( -> ...Qf2+)} 45. Ng5 Nxg5 46. fxg5 $11 {[%mdl 4096] Endgame White wants to mate with Qe8+. KQR-KQR} Qc4+ 47. Kg3 {White threatens Qe8+ and mate.} Rf8 48. h4 Rd8 49. Rd7 Ra8 $2 {[%mdl 8192]} (49... Rxd7 $14 50. Qe8+ {[%mdl 64] Double Attack} Kh7 51. Qxd7+ Kh8 52. Qe8+ Kh7) 50. Rd6 $18 {[%mdl 64] [#] Hoping for Qf3. Double Attack} Qf7 $2 (50... Qxa2 $18 51. Rxg6+ Kh7) 51. Qe4 Ra3+ 52. Kg4 Kh7 53. h5 $1 {White mates.} Qf5+ 54. Qxf5 gxf5+ 55. Kxf5 Rxa2 56. Rd7+ Kh8 57. g6 Ra8 58. h6 {Accuracy: White = 63%, Black = 50%.} 1-0

[Event "Turkish Super League 2019"]
[Site "Konya"]
[Date "2019.07.26"]
[Round "11"]
[White "Mchedlishvili, Mikheil"]
[Black "Dimitrov, Radoslav"]
[Result "1/2-1/2"]
[WhiteElo "2571"]
[BlackElo "2530"]
[Annotator "TA"]
[PlyCount "75"]
[EventDate "2019.07.17"]
[EventType "team-tourn"]
[EventCountry "TUR"]
[SourceTitle "playchess.com"]
[Source "ChessBase"]
[SourceQuality "1"]

{[%evp 20,75,38,39,45,32,31,31,41,34,32,22,57,56,47,47,52,54,59,35,53,48,55,15,14,0,0,0,11,0,0,0,0,0,0,0,0,0,14,0,0,0,0,0,0,0,0,0,0,0,0,0,0,0,0,0,0,0]} 1. c4 c5 2. Nf3 g6 3. d4 Bg7 4. e4 d6 5. Nc3 Bg4 6. d5 Nf6 7. Be2 O-O 8. h3 Bxf3 9. Bxf3 a6 10. a4 e6 11. O-O exd5 {E91: King's Indian: Classical: 6 Be2, unusual replies including 6...c5 and 6...Bg4} 12. exd5 Nbd7 13. Qc2 {[#]} Ne8 $146 {White is slightly better.} ({Predecessor:} 13... Re8 14. a5 Qc7 15. Bd2 Re7 16. Rfe1 Rxe1+ 17. Bxe1 Re8 18. Bd2 h6 19. Be2 Re7 20. g3 Qc8 21. Kg2 Qe8 22. Bd3 Ne5 23. Be2 Ned7 {1-0 (42) Dubov,D (2498)-Guseinov,G (2634) Moscow 2012}) 14. Be2 f5 15. g3 Be5 16. f4 Bd4+ 17. Kg2 Ng7 18. Bd2 Nf6 19. Bd3 Re8 20. Rae1 Qd7 21. Rxe8+ Rxe8 {The position is equal.} 22. Re1 h5 23. Rxe8+ Qxe8 24. Ne2 h4 $1 25. gxh4 Ne4 26. Bxe4 fxe4 27. Ng3 $1 e3 28. Be1 Qf7 29. b3 Nf5 30. Nxf5 gxf5 31. Kf1 Qh5 {[#] ( -> ...Qf3+)} 32. Qe2 Qe8 33. a5 Kh7 34. Qf3 Kh6 35. Ke2 Qg6 36. h5 Qe8 37. Kf1 Qf7 38. Ke2 {Accuracy: White = 64%, Black = 79%.} 1/2-1/2

[Event "Turkish Super League 2019"]
[Site "Konya"]
[Date "2019.07.26"]
[Round "11"]
[White "Dastan, Muhammed Batuhan"]
[Black "Demchenko, Anton"]
[Result "1/2-1/2"]
[WhiteElo "2565"]
[BlackElo "2665"]
[Annotator "TA"]
[PlyCount "153"]
[EventDate "2019.07.17"]
[EventType "team-tourn"]
[EventCountry "TUR"]
[SourceTitle "playchess.com"]
[Source "ChessBase"]
[SourceQuality "1"]

{[%evp 15,153,49,53,50,63,48,44,40,59,55,52,52,52,52,52,52,63,62,63,64,107,108,109,113,112,83,68,78,65,82,89,66,84,83,66,0,102,109,91,93,94,99,89,0,0,0,63,70,112,94,112,124,148,22,65,49,76,64,82,80,120,92,75,74,72,57,340,334,315,316,286,173,167,145,291,246,590,566,851,844,798,792,1051,1028,957,954,1333,1270,1167,1058,1864,1703,1627,1530,1605,1572,1565,1486,1031,963,964,135,137,0,854,147,134,147,131,140,141,76,134,145,225,224,753,733,1016,998,960,890,29979,21,21,17,22,0,0,0,77,0,0,0,0,0,0,0,0,0]} 1. e4 e5 2. Nf3 Nc6 3. Bc4 Nf6 4. d3 h6 5. O-O d6 6. c3 g6 7. d4 Qe7 8. Re1 Bg7 9. Nbd2 {C55: Two Knights: 4 d3, 4 d4 exd4 5 e5 and Max Lange Attack} Nh7 {[%cal Re5d4]} 10. Bb5 {And now d5 would win.} Bd7 11. Nc4 $146 {White is slightly better.} ({Predecessor:} 11. Nb3 O-O 12. Bxc6 Bxc6 13. Na5 Qe8 14. dxe5 dxe5 15. a4 Rd8 16. Qb3 b6 17. Nxc6 Qxc6 {½-½ (47) Najer,E (2707)-Rapport,R (2675) Tbilisi 2017}) 11... Ng5 12. Nxg5 hxg5 13. d5 Nb8 14. Qb3 b6 15. Ne3 O-O 16. Bxd7 Nxd7 17. Qc2 b5 18. a4 bxa4 19. Rxa4 a5 20. b4 axb4 {...b3! is the strong threat.} 21. Rxa8 Rxa8 22. cxb4 Nb6 23. Bd2 Qd7 24. Rc1 Ra7 25. Qc6 (25. h3 $14) 25... Qd8 (25... Qxc6 $11 26. dxc6 Ra2) 26. Nd1 $16 {[%cal Be3d1,Bd1c3,Bc3b5][%mdl 32]} g4 27. Nc3 Bf6 28. Nb5 Ra2 29. Rc2 (29. Nxc7 $6 Rxd2 30. Qxb6 Bg5 $11) 29... Ra1+ 30. Rc1 Ra2 31. Be3 Na8 32. Qc4 Ra4 33. Qb3 Ra6 34. Qc3 (34. Na7 $16) 34... Ra4 35. Ra1 Rxa1+ 36. Qxa1 Qb8 37. Qa6 Be7 38. Ba7 $36 {[%mdl 2048] White has strong initiative.} Qd8 39. Qb7 Bf8 40. Qb8 Qd7 $2 {[%mdl 8192]} (40... Be7 $1 $14) 41. Nc3 $18 Nb6 42. Bxb6 cxb6 43. Qxb6 Bh6 44. Nb5 Bf8 (44... Bd2 $16 {is a better defense.}) 45. Qc6 Qe7 $2 (45... Qd8 {is tougher.} 46. Qc7 Qg5) 46. Nc7 Qg5 {White should prevent ...Qd2.} 47. Qc3 $1 Be7 48. b5 Bd8 49. b6 Qe7 50. h3 gxh3 51. Qxh3 Kg7 52. Qc3 Qd7 53. Qc6 Qg4 54. Qc2 Kh7 55. g3 ({Inferior is} 55. b7 Bxc7 56. Qxc7 Qd1+ 57. Kh2 Qh5+ 58. Kg3 Qg5+ 59. Kf3 (59. Kh2 Qh5+ 60. Kg1 Qd1+ 61. Kh2 Qh5+ $11) 59... Qf4+ 60. Ke2 Qxe4+ 61. Kf1 (61. Kd2 Qb4+ 62. Kc2 Qa4+ 63. Kd3 Qd4+ 64. Ke2 Qe4+ 65. Kd1 Qb1+ 66. Ke2 Qe4+ $11) 61... Qb1+ 62. Ke2 Qe4+ 63. Kd1 (63. Kd2 Qb4+ 64. Kd3 Qd4+ 65. Ke2 Qe4+ $11) 63... Qb1+ 64. Ke2 Qe4+ $11) 55... Qd7 56. Kg2 Kh6 57. Qc1+ Kh7 58. Qh1+ $2 (58. Qc6 $18 {and White stays clearly on top.} Qg4 59. Qc4) 58... Kg7 $16 59. Qc1 (59. Qh3 $1 $16 {[%cal Rh3d7]} Qa4 60. Qg4) 59... Qa4 $2 {[%mdl 8192] [#]} (59... Kh7 $11) 60. Qb1 $2 (60. Ne8+ $1 $18 {[%mdl 512]} Qxe8 61. b7) 60... Kf8 61. Nb5 $1 {aiming for b7.} Bxb6 62. Nxd6 {[%mdl 64] Discovered Attack} Qd4 63. Qc2 $1 Bc5 {[#]} (63... Kg7 $142) 64. Nc4 $1 {[%cal Rc4e5]} Ba7 (64... Kg7 $16 {was called for.}) 65. Na5 $18 Bb6 $2 (65... Qc5 66. Qxc5+ Bxc5) 66. Nc6 Qa1 67. d6 Qa3 68. Qd2 {Strongly threatening Qh6+.} Qa4 69. Nxe5 $2 (69. Qh6+ {mates} Ke8 70. Nb8 Kd8 71. Qh8+ {[%mdl 64] Double Attack} Qe8 72. Qf6+ Kc8 73. d7+ {[%mdl 64] Discovered Attack} Qxd7 74. Nxd7 Kxd7 75. Qxb6) 69... Qxe4+ $11 70. Nf3 {Threatens to win with Qb2.} Qc6 71. Qd3 Qc5 72. Qd2 (72. Kh3 $11) 72... Qc6 $16 {[#]} 73. d7 ({White should play} 73. Qh6+ $1 $16 Kg8 74. Qf4) 73... Ke7 $11 {The position is equal.} 74. Qf4 Bc7 75. Qd4 Qxd7 76. Qxd7+ Kxd7 77. Ng5 {Accuracy: White = 64%, Black = 52%.} 1/2-1/2

[Event "Turkish Super League 2019"]
[Site "Konya"]
[Date "2019.07.26"]
[Round "11"]
[White "Gholami, Aryan"]
[Black "Firouzja, Alireza"]
[Result "1/2-1/2"]
[WhiteElo "2532"]
[BlackElo "2685"]
[Annotator "TA"]
[PlyCount "78"]
[EventDate "2019.07.17"]
[EventType "team-tourn"]
[EventCountry "TUR"]
[SourceTitle "playchess.com"]
[Source "ChessBase"]
[SourceQuality "1"]

{[%evp 24,78,16,6,8,17,12,0,0,0,0,0,0,0,0,0,75,77,77,74,74,85,90,68,96,88,95,90,89,81,66,14,63,64,82,-3,68,67,67,65,72,50,50,0,0,0,0,0,0,0,0,0,0,0,0,0,0]} 1. d4 Nf6 2. c4 e6 3. Nf3 d5 4. Nc3 Nbd7 5. e3 Be7 6. Bd3 O-O 7. O-O dxc4 8. Bxc4 a6 9. a4 c5 10. Qe2 cxd4 11. exd4 Nb6 12. Bb3 Nbd5 13. Bg5 h6 {D37: Queen's Gambit Declined: 5 Bf4} 14. Bh4 {[#]} Nb4 $146 ({Predecessor:} 14... Nf4 15. Qe3 N4d5 {½-½ (17) Rashkovsky,N (2470)-Jussupow,A (2645) Minsk 1987}) 15. Rfd1 Bd7 16. Ne5 Bc6 17. Nxc6 bxc6 18. a5 Ra7 19. Ra4 Rd7 (19... Qb8 $11) 20. Bxf6 $1 $16 gxf6 21. Na2 Nxa2 22. Bxa2 f5 23. Qxa6 Bf6 {[%cal Rf6d4]} 24. Qxc6 Bxd4 {[#]} 25. Kf1 $1 {Strongly threatening a6.} Rd6 26. Qf3 {Black must now prevent a6.} Qd7 27. Ra3 (27. Rc4 $14) 27... Kh8 28. a6 {Threatens to win with a7!} Bxb2 {[#]} 29. Rad3 (29. Rxd6 $1 $16 Qxd6 {[%mdl 64] Double Attack} 30. Ra4) 29... Rxd3 (29... Qb5 $1 $11) 30. Qxd3 $14 Qa4 31. Bb3 Qa5 32. g3 Bf6 33. Rd2 Qa1+ {The position is equal.} 34. Kg2 {Qb5 is the strong threat.} Rd8 35. Qe3 Rxd2 36. Qxd2 {And now Qb4 would win.} Qxa6 37. Qxh6+ {[%mdl 64] Double Attack} Kg8 38. Qxf6 Qb7+ {[%mdl 64] Double Attack} 39. Kg1 {Hoping for Bd1.} Qxb3 {Accuracy: White = 48%, Black = 67%.} 1/2-1/2

[Event "Turkish Super League 2019"]
[Site "Konya"]
[Date "2019.07.26"]
[Round "11"]
[White "Ali Marandi, Cemil Can"]
[Black "Tanriverdi, Enes"]
[Result "1-0"]
[WhiteElo "2527"]
[BlackElo "2374"]
[Annotator "ChessBase"]
[PlyCount "48"]
[EventDate "2019.07.17"]
[EventType "team-tourn"]
[EventCountry "TUR"]
[SourceTitle "playchess.com"]
[Source "ChessBase"]
[SourceQuality "1"]
[TimeControl "40/5400+30:1800+30"]

1. d4 d5 2. c4 c6 3. cxd5 cxd5 4. Bg5 Qb6 5. Nc3 e6 6. Qd2 Nc6 7. e3 Bd7 8. Bd3 Bd6 9. Nge2 Nge7 10. O-O O-O 11. Rad1 h6 12. Bh4 f5 13. Bg3 Bxg3 14. hxg3 Rad8 15. Bb1 Na5 16. b3 Be8 17. Nf4 g5 18. Nd3 Nac6 19. Rc1 Nc8 20. Nc5 Rf6 21. g4 fxg4 22. e4 Bf7 23. e5 Rf4 {[%emt 1:12:30]} 24. Ne2 {[%emt 0:54:00]} Qb4 {[%emt 0:00:30]} 1-0

[Event "Turkish Super League 2019"]
[Site "Konya"]
[Date "2019.07.26"]
[Round "11"]
[White "Visakh N R"]
[Black "Yilmaz, Mustafa"]
[Result "1/2-1/2"]
[WhiteElo "2526"]
[BlackElo "2618"]
[Annotator "TA"]
[PlyCount "60"]
[EventDate "2019.07.17"]
[EventType "team-tourn"]
[EventCountry "TUR"]
[SourceTitle "playchess.com"]
[Source "ChessBase"]
[SourceQuality "1"]

{[%evp 12,60,0,0,0,0,0,2,11,7,14,0,4,0,0,0,0,7,2,0,2,0,0,0,4,0,28,0,8,0,0,0,0,0,0,0,0,0,0,0,0,0,0,-1,0,0,0,0,0,0,0]} 1. d4 Nf6 2. c4 e6 3. Nc3 Bb4 4. Qc2 O-O 5. a3 Bxc3+ 6. Qxc3 d5 7. Bg5 dxc4 {E36: Nimzo-Indian: Classical: 4...d5 5 a3} 8. Qxc4 b6 9. Nf3 (9. Rd1 Ba6 10. Qa4 h6 11. Bh4 Qe7 12. Nf3 Rd8 13. e3 Bxf1 14. Rxf1 c5 15. Ke2 {½-½ (27) Karpov,A (2616)-Matlakov,M (2697) Sochi 2019}) 9... Ba6 10. Qa4 Qd7 11. Qxd7 Nbxd7 12. Rc1 Rac8 13. Bxf6 gxf6 14. e3 Bb7 15. Bb5 c6 16. Be2 c5 17. O-O Rfd8 18. Rfd1 Kf8 19. Kf1 Ke7 {The position is equal.} 20. b4 $146 ({Predecessor:} 20. dxc5 Rxc5 21. Nd4 {½-½ (21) Riess,A (2180)-Ewert,H (2147) Willingen 2017}) 20... Bxf3 21. Bxf3 cxd4 22. exd4 f5 23. Bb7 Rxc1 24. Rxc1 $11 {[%mdl 4096] Endgame KRB-KRN} Nf6 25. Rc4 Ne8 26. Ba6 Nd6 27. Rc2 Ne8 28. Rc4 Nd6 29. Rc2 Ne8 30. Rc4 Nd6 {Accuracy: White = 77%, Black = 62%.} 1/2-1/2

[Event "Turkish Super League 2019"]
[Site "Konya"]
[Date "2019.07.26"]
[Round "11"]
[White "Moiseenko, Vadim"]
[Black "Kuzubov, Yuriy"]
[Result "1-0"]
[WhiteElo "2523"]
[BlackElo "2671"]
[Annotator "TA"]
[PlyCount "61"]
[EventDate "2019.07.17"]
[EventType "team-tourn"]
[EventCountry "TUR"]
[SourceTitle "playchess.com"]
[Source "ChessBase"]
[SourceQuality "1"]

{[%evp 9,122,0,0,0,0,-15,0,-50,-45,-47,-36,-63,-43,-90,-57,-56,-59,-102,-98,-92,-89,-92,-100,-101,-94,-135,-135,-131,-135,-129,-127,-115,-125,-118,-130,-125,-129,-158,-172,-266,-112,-102,-102,-97,-103,-105,-110,-97,-89,-214,-216,-217,-208,-209,-198,-197,0,0,0,0,0,0,10,-8,12,2,28,12,52,41,203,204,202,202,202,202,202,202,202,202,202,194,256,198,310,249,321,249,304,296,656,631,644,647,622,637,624,612,556,475,904,818,908,879,1375,1375,29982,29982,29982,29983,29983,29984,29984,29985,29986]} 1. c4 Nf6 2. Nc3 e6 3. e4 c5 4. Nf3 Nc6 5. a3 d5 6. exd5 {A34: Symmetrical English: 2 Nc3, lines with ...d5} (6. cxd5 exd5 7. e5 Ne4 8. Bb5 Be7 9. Qa4 Nxc3 10. dxc3 Bd7 11. Bxc6 Bxc6 12. Qg4 g6 13. Bh6 {0-1 (71) Kortschnoj,V (2598)-Ponomariov,R (2719) Odessa 2008}) 6... exd5 {And now ...d4 would win.} 7. d4 Be6 8. Bg5 $146 {The position is equal.} ({Predecessor:} 8. cxd5 Nxd5 9. Ne4 Nf6 10. Bd3 Qd5 11. Nxf6+ gxf6 12. O-O O-O-O 13. Re1 {0-1 (39) Sifre Calafat,F (1978)-Perez Lopez,A (2057) ICCF email 2015}) 8... Be7 $1 9. dxc5 dxc4 10. Qa4 Qa5 11. Qb5 Qxb5 ({Much worse is} 11... Bxc5 $6 12. Bxc4 Qxb5 13. Bxb5 $11) 12. Nxb5 {aiming for Nc7+.} O-O-O 13. Rc1 Bxc5 14. Be2 a6 15. Nc3 Nd4 16. Nxd4 Bxd4 17. Nd1 b5 $36 {[%mdl 2048] Black is on the roll.} 18. b3 {[%cal Rb3c4]} Bc5 19. O-O Bxa3 20. Ra1 b4 $1 21. bxc4 h6 22. Bf4 Ne4 23. c5 Nxc5 24. Ne3 (24. Bc1 $142) 24... Nd3 (24... Rd2 $19 25. Bc4 Rhd8) 25. Bg3 $17 f5 $1 26. Nc2 f4 27. Bxd3 Rxd3 28. Bxf4 Rhd8 29. Bc1 (29. Rfe1 $17 g5 30. Bc1) 29... Bxc1 $1 $19 30. Rfxc1 b3 $1 {[%cal Rb3b2] Strongly threatening ...b2!} 31. Ne1+ {Played: Nc2-b4} 1-0

[Event "Turkish Super League 2019"]
[Site "Konya"]
[Date "2019.07.26"]
[Round "11"]
[White "Sanal, Vahap"]
[Black "Ivanchuk, Vassily"]
[Result "1-0"]
[WhiteElo "2520"]
[BlackElo "2684"]
[Annotator "TA"]
[PlyCount "97"]
[EventDate "2019.07.17"]
[EventType "team-tourn"]
[EventCountry "TUR"]
[SourceTitle "playchess.com"]
[Source "ChessBase"]
[SourceQuality "1"]

{[%evp 14,97,21,30,39,0,0,0,12,0,12,12,16,4,-1,16,22,21,31,34,64,71,67,67,47,83,108,87,209,102,139,92,119,110,111,77,112,105,122,71,120,45,57,64,75,52,45,0,64,83,99,91,98,90,161,168,153,137,219,213,245,210,270,272,340,301,310,310,1228,1135,1062,976,1410,1270,1118,1097,1528,1516,1464,1210,3889,2825,6360,5613,2733,2479]} 1. e4 e5 2. Nf3 Nc6 3. Bb5 Nf6 4. d3 d6 5. c3 g6 6. O-O Bg7 7. Nbd2 O-O 8. Re1 Re8 {C66: Ruy Lopez: Steinitz Defence} 9. d4 exd4 10. cxd4 Bg4 $146 {The position is equal.} ({Predecessor:} 10... Bd7 11. h3 a6 12. Bf1 Na7 13. e5 Nd5 14. Ne4 h6 15. Qb3 Be6 16. Qxb7 {½-½ (56) Alekseev,E (2642)-Anikonov,D (2370) Khanty-Mansiysk 2015}) 11. d5 a6 12. Ba4 {[%mdl 64] Pin} b5 13. dxc6 {Bb3 is the strong threat.} bxa4 14. Qxa4 Rb8 15. h3 Bxf3 16. Nxf3 Rb6 17. Be3 $36 {[%mdl 2048] Black is under strong pressure.} Rxb2 18. Bd4 Rb8 19. e5 Nd5 20. Rad1 $1 Re6 {[#]} (20... dxe5 $16 21. Bxe5 Rb5) 21. Ba1 ({Much less strong is} 21. Qxa6 $6 dxe5 22. Bxe5 Bxe5) (21. Qc4 $1 $18 {has better winning chances.}) 21... Nb6 22. Qxa6 d5 23. Qb5 Qe8 24. Rc1 Qd8 {[#]} 25. Red1 $1 Ra8 26. Rc2 ({White should try} 26. Bd4 {Strongly threatening Bxb6.} Nc4 27. Bc3 Nxe5 28. Nxe5 (28. Rxd5 Nxf3+ 29. gxf3 Qh4 $11) 28... Bxe5 29. Rxd5 {[%mdl 64] Double Attack}) 26... Bf8 27. Rd4 (27. Bc3 $16) 27... Ra3 28. Qe2 Qe8 29. Rf4 h6 30. Rf6 (30. Qb5 $5 {[%cal Ra1d4]}) 30... Rxf6 (30... Nc4 $11) 31. exf6 $14 Qc8 32. Ne5 Ra4 33. Qd3 {Black must now prevent Nxg6!} Re4 (33... Qa6 $16 {was called for.}) 34. Re2 $18 Rxe2 35. Qxe2 Qe6 (35... Bd6 $16 {is a better defense.} 36. Bc3 Qe6) 36. Bd4 Nc4 37. Qg4 {Hoping for Qxe6.} Qxg4 38. hxg4 {[%mdl 4096] Endgame KBN-KBN} ({Not} 38. Nxg4 Na5 $16) 38... Na3 39. Kf1 Bd6 40. Bb2 Kf8 $2 (40... Nc4) 41. Bxa3 {White is clearly winning.} Bxa3 {KB-KN} 42. Ke2 Ke8 43. Nd7 d4 44. Kd3 Bb2 45. a4 {[%cal Ba2a4,Ba4a5][%mdl 32] White wants to mate with a5.} Bc3 46. f3 Kd8 47. Ne5 Ke8 48. Nc4 Kd8 49. a5 {Accuracy: White = 65%, Black = 33%.} 1-0

[Event "Turkish Super League 2019"]
[Site "Konya"]
[Date "2019.07.26"]
[Round "11"]
[White "Annaberdiev, Meilis"]
[Black "Rakhmanov, Aleksandr"]
[Result "1/2-1/2"]
[WhiteElo "2515"]
[BlackElo "2615"]
[Annotator "TA"]
[PlyCount "62"]
[EventDate "2019.07.17"]
[EventType "team-tourn"]
[EventCountry "TUR"]
[SourceTitle "playchess.com"]
[Source "ChessBase"]
[SourceQuality "1"]

{[%evp 13,62,33,34,39,37,32,44,36,37,27,28,26,27,26,37,27,30,19,38,19,33,16,16,17,22,0,0,0,0,-13,-13,-25,-25,-23,-23,-23,-21,-24,-38,-49,-27,-48,-29,-31,-16,-16,-1,-1,0,-24,0]} 1. e4 e5 2. Nf3 Nf6 3. Nxe5 d6 4. Nf3 Nxe4 5. Nc3 Nf6 6. d4 Be7 7. Bd3 O-O 8. h3 {C42: Petroff Defence: 3 Nxe5 and unusual White 3rd moves} (8. O-O Nc6 9. d5 Nb4 10. Be2 c6 11. dxc6 bxc6 12. a3 Nbd5 13. Nxd5 Nxd5 14. Nd4 Bd7 15. Bf3 Rc8 16. Bxd5 cxd5 {1-0 (47) Caruana,F (2828)-Lenderman,A (2637) Saint Louis 2019}) 8... c6 9. O-O Na6 10. a3 {White is slightly better.} Nc7 11. Ne2 Re8 12. Re1 b5 $146 ({Predecessor:} 12... d5 13. Ng3 Bd6 14. Ne5 Ne6 15. c3 Nc5 {1-0 (32) Lizarzaburu,O (2450)-Sanchez,M (2404) ICCF email 2012}) 13. Ng3 Bf8 14. Rxe8 Qxe8 15. Bg5 {Threatens to win with Bxf6.} Ncd5 16. a4 a6 17. Qd2 Be6 18. Qa5 {axb5 is the strong threat.} Rb8 19. axb5 axb5 20. Re1 Qd7 21. Nh4 h6 22. Bxf6 Nxf6 23. Bf5 Bxf5 24. Nhxf5 g6 25. Ne3 d5 26. Ra1 Bd6 27. Ngf1 Ne4 28. Nd2 Ng5 29. Qa7 Rb7 30. Qa8+ Rb8 31. Qa7 Rb7 {Accuracy: White = 56%, Black = 59%.} 1/2-1/2